00826nam a2200217 a 450000100100000000500170001000800410002704000250006808200200009310000270011324500500014026000280019030000200021860000700023865000280030865000310033691000380036704900090040595201770041499900170059100001644420240412074245.0100305t19uu dr 001 pdspa d aDO-SdBNPbspacBNPHU aRD861.42bL215t1 aLamarche, J. B.92400710aTreinta sonetos a Trujillo /cJ. B. Lamarche. a[s.l. :bs.n.,c19--?]. a64 p. ;c28 cm. 0aTrujillo Molina, Rafael Leónidas, d1891-1961xPoesías924080 0aPoesía dominicana966 0aLiteratura dominicana.967 aValidado. Control de calidad EMS. aBNPD 0010718PDaPDbPDcHDd2010-03-05iLF1l0oRD861.42 L215tp16444-10r2020-06-25w2020-06-25yLFPDzPerteneció a la biblioteca personal de Martínez Boog.ZNo se presta c15979d15979